00149nam a2200061Ia 4500245001200000100003400012008004100046 0aVortex  a BOND, Larry London, 1991 210825s9999 xx 000 0 und d